Largest World Cities With 3 Letters - Statistics

General Stats
  • This quiz has been taken 38 times
  • The average score is 3 of 10
Answer Stats
Population Country Answer % Correct
1,256,172 Morocco Fes
74%
1,120,547 Russia Ufa
55%
1,201,158 Iran Qom
52%
531.340 Nigeria Aba
35%
821,618 Nigeria Jos
32%
522,862 Turkey Van
23%
428,798 Nigeria Oyo
16%
652,572 Vietnam Huế
13%
509,035 Nigeria Ifẹ
6%
512,827 Egypt Qus
3%
No matching quizzes found
Score Distribution
Percent of People with Each Score
Percentile by Number Answered
Your Score History
You have not taken this quiz